[Event "20th IPCA World-ch 2021"]
[Site "Torrevieja"]
[Date "2021.10.19"]
[Round "2.1"]
[White "Anfinogenov, Artem"]
[Black "Obodchuk, Andrei"]
[Result "0-1"]
[WhiteElo "2032"]
[BlackElo "2303"]
[Annotator "TA"]
[PlyCount "142"]
[EventDate "2021.10.19"]
[EventType "swiss"]
[EventRounds "9"]
[EventCountry "ESP"]
[SourceTitle "playchess.com"]
[Source "ChessBase"]
[SourceQuality "1"]

{[%evp 16,142,49,43,43,17,7,6,19,6,26,-102,0,-87,-91,-118,-32,-54,-12,-15,0,-20,-10,0,10,8,84,84,86,77,95,69,90,77,107,91,86,80,166,174,274,262,326,320,325,333,305,301,387,378,382,380,490,459,652,214,210,212,193,8,169,178,179,-29,-27,-35,-77,-133,-116,-124,0,0,0,0,0,0,0,0,0,-244,-231,-222,-222,-222,-221,-186,-169,-600,-589,-2304,-2317,-1924,-1706,-1238,-1130,-29986,-29987,-29983,-29967,-29965,-29966,-29966,-29958,-29949,-24,-29966,-29963,-29962,-29964,-29970,-29969,-29971,-29970,-29970,-29972,-29972,-29972,-29976,-29965,-29955,0,-29976,-29977,-29976,-7138,-29956,-29956,-29961,-29965]} 1. c4 g6 2. d4 Bg7 3. e4 d6 4. Nc3 Nf6 5. Be2 O-O 6. Bg5 Na6 7. h4 h6 8. Be3 e5 9. d5 Nc5 {E73: King's Indian: Averbakh Variation without 6...c5.} 10. f3 Nh5 11. g4 Nf4 {The position is equal.} 12. Bf1 {[#]} f5 $146 ({Predecessor:} 12... a5 13. Bxc5 dxc5 14. Nge2 Bf6 15. h5 Bg5 16. Nxf4 Bxf4 17. Bd3 Bd7 18. Qe2 a4 {0-1 (112) Mohammad,S (2319)-Al Modiahki,M (2490) Teheran 2001}) 13. b4 (13. Bxc5 $11 dxc5 14. gxf5) 13... Na6 (13... fxe4 $1 $17 14. bxc5 exf3) 14. Rb1 (14. gxf5 $1 $11 {keeps the balance.} gxf5 15. Qb3) 14... fxg4 $17 15. fxg4 Qd7 (15... Bf6 $17 16. Kd2 Bxh4) 16. g5 $15 hxg5 17. hxg5 Qe7 18. Nh3 Rf7 19. Kd2 Bd7 20. Qe1 Raf8 (20... Bg4 $11) 21. Qh4 $16 Nh5 22. Be2 Rf4 23. Bxf4 ({Inferior is} 23. Nxf4 exf4 24. Bf2 (24. Bxa7 f3 $17) 24... f3 $17) 23... exf4 24. Bxh5 gxh5 25. Qxh5 {Hoping for g6.} Qe5 26. Qf3 {aiming for Ne2.} (26. Rhc1 $2 Qd4+ 27. Ke1 Qe3+ 28. Qe2 Bxc3+ 29. Rxc3 Qxc3+ $19) 26... Bg4 27. Qd3 $18 f3 (27... c5 {was necessary.}) 28. Nf2 $1 {[%cal Rf2g4]} Qxg5+ 29. Kc2 Bd7 30. a3 Qe5 31. Rbg1 Nb8 32. Qe3 Rf7 33. Rg5 Qe7 34. Rhg1 Kf8 (34... Bc8 $142 35. Nb5 Qf6) 35. Ng4 $2 (35. Qxa7 Qd8 36. Qxb7) 35... Bxg4 36. R5xg4 Nd7 37. Qh6 $2 Nf6 $2 {[#]} (37... Qe5 $1 $11 38. Rxg7 Rxg7) 38. Rxg7 $1 {[%mdl 512]} Rxg7 39. Rxg7 ({White must play} 39. Rf1 $1 $18) 39... Qxg7 $11 40. Qxg7+ ({Don't go for} 40. Qf4 $2 Qg2+ 41. Kb3 Kg7 $19) 40... Kxg7 $18 {[%mdl 4096] Endgame KN-KN} 41. Kd3 (41. Kd2 $142) 41... Ng4 $17 42. Nb5 Ne5+ (42... Kf6 $17 {Strongly threatening ...Ke5.} 43. c5 Ke5 44. Nxc7 Nf2+ 45. Ke3 Nxe4 46. Kxf3 dxc5 47. bxc5 Nxc5) 43. Ke3 $11 Nxc4+ 44. Kxf3 a6 45. Nxc7 Kf6 46. a4 Ke5 47. Ne8 $2 (47. a5 $11) 47... Nd2+ $19 {[%mdl 64] Double Attack} 48. Ke3 Nxe4 49. Kd3 Kxd5 50. Nc7+ Ke5 51. Kc4 $2 (51. a5) 51... Nf6 52. b5 a5 53. b6 d5+ $1 54. Kb5 d4 $1 {[%cal Rd4d3] ( -> ...d3)} 55. Kxa5 d3 56. Nb5 Nd5 57. Na3 Kd4 58. Nb1 Kc5 59. Nd2 {[#]} Nxb6 $2 (59... Nf6 $1 {mates} 60. Nb3+ Kc4 61. Nd2+ Kc3 62. Nf1 d2 63. Nxd2 Kxd2 64. Kb5 Nd7 65. a5 Nb8 66. Kb4 Na6+ 67. Ka4 Kc2 68. Ka3 Kc3 69. Ka4 Kc4 70. Ka3 Kb5 71. Kb3 Kxa5 72. Kc4 Kxb6 73. Kd5 Kb5 74. Kd4 Kb4 75. Kd3 Kc5 76. Ke4 b5 77. Kf4 Kd4 78. Kf3 Nc5 79. Kg4 b4 80. Kh5 b3 81. Kg6 b2 82. Kg5 b1=Q 83. Kg4 Qg6+ 84. Kf3 Ne4 85. Ke2 Qg2+ 86. Ke1 Qd2+ 87. Kf1 Qf2#) 60. Ne4+ $2 {[%mdl 8192]} (60. Nb3+ $11 Kc6 61. Kb4) 60... Kd4 61. Nf2 Nd5 62. Kb5 d2 63. a5 Nc3+ 64. Kb4 Ne4 65. Nd1 Kd3 66. Kb3 Nc5+ 67. Kb4 Ne4 68. Kb3 Ke2 69. Nb2 Nd6 (69... Nf2 $142 70. Kc4 {[#]} Nd3 $1 {[%mdl 576] Deflection, Promotion} 71. Nxd3 d1=Q 72. Nc5 Qc1+ 73. Kb5 Qb1+ 74. Kc4 Ke3 75. a6 Qa2+ 76. Kb5 Qb2+ 77. Kc4 bxa6 78. Kd5 Qd4+ 79. Kc6 Qc4 80. Kd6 a5 81. Nd7 a4 82. Nf6 a3 83. Nd5+ Kd4 84. Nf4 a2 85. Ke7 a1=Q 86. Ne6+ Ke4 87. Nc5+ Qxc5+ 88. Kf7 Qae5 89. Kg8 Qg1+ 90. Kh7 Qh5#) 70. Kb4 Nf7 71. Kc5 Ne5 {Black used his chance.  Weighted Error Value: White=0.98/Black=0.41} 0-1

[Event "20th IPCA World-ch 2021"]
[Site "Torrevieja"]
[Date "2021.10.19"]
[Round "2.2"]
[White "Gurbanov, Andrei"]
[Black "Zavarsky, Juraj"]
[Result "1-0"]
[WhiteElo "2252"]
[BlackElo "1975"]
[Annotator "TA"]
[PlyCount "73"]
[EventDate "2021.10.19"]
[EventType "swiss"]
[EventRounds "9"]
[EventCountry "ESP"]
[SourceTitle "playchess.com"]
[Source "ChessBase"]
[SourceQuality "1"]

{[%evp 26,73,19,19,23,1,11,6,8,3,35,22,32,23,108,112,121,124,115,119,123,114,95,42,46,47,51,39,70,65,86,86,129,127,166,131,123,129,129,133,151,147,235,217,292,269,500,472,1480,309]} 1. d4 d5 2. c4 e6 3. Nc3 c5 4. cxd5 exd5 5. Nf3 Nc6 6. g3 Nf6 7. Bg2 Be7 8. O-O O-O 9. dxc5 Bxc5 10. Bg5 d4 11. Bxf6 Qxf6 12. Ne4 Qe7 13. Nxc5 Qxc5 14. Rc1 Qb6 {D34: Tarrasch Defence: 6 g3 Nf6 7 Bg2 Be7.} 15. b3 Bg4 16. Qd2 Rad8 {The position is equal.} 17. Rfd1 {[#]} Bh5 $146 ({Predecessor:} 17... Rfe8 18. Qf4 Bh5 19. Rd2 Bg6 20. Nh4 d3 21. e3 Qa5 22. Rcd1 Bh5 23. Nf3 Nb4 {0-1 (30) Barria,B (2099)-Franco Valencia,A (2226) Medellin 2015}) 18. Qg5 Bg6 19. Nh4 d3 (19... Rfe8 $11) 20. Bxc6 $16 {Threatens to win with Bf3.} bxc6 21. Nxg6 fxg6 {[#]} 22. e3 $1 Rf6 23. Qc5 Rfd6 24. Qxb6 (24. Rd2 $16) 24... axb6 {[%mdl 4096] Endgame KRR-KRR} 25. Rd2 g5 26. g4 c5 27. Rc3 Rd5 28. f3 b5 29. e4 b4 30. Rc1 Re5 31. Kf2 Kf7 32. Ke3 Ke7 33. Rxd3 Rxd3+ (33... Rc8 $16 34. f4 gxf4+ 35. Kxf4 Ke6) 34. Kxd3 $18 Kd6 35. Kc4 h5 $2 {[#]} (35... g6 {was worth a try.} 36. Rd1+ Kc6) 36. Rd1+ Ke6 (36... Kc7 $142 37. Rd5 Re7 38. Rxc5+ Kd8 39. Rxg5 hxg4 40. Rxg4 Ra7) 37. h3 $2 {Weighted Error Value: White=0.06/Black=0.37} (37. Rd5 hxg4 38. Rxe5+ Kxe5 39. fxg4) 1-0

[Event "20th IPCA World-ch 2021"]
[Site "Torrevieja"]
[Date "2021.10.19"]
[Round "2.3"]
[White "Tsapalin, Sergey"]
[Black "Gedgafov, Chamal"]
[Result "1/2-1/2"]
[WhiteElo "1981"]
[BlackElo "2202"]
[Annotator "TA"]
[PlyCount "107"]
[EventDate "2021.10.19"]
[EventType "swiss"]
[EventRounds "9"]
[EventCountry "ESP"]
[SourceTitle "playchess.com"]
[Source "ChessBase"]
[SourceQuality "1"]

{[%evp 13,107,45,52,37,57,50,55,62,76,64,110,100,118,90,88,89,85,54,60,57,52,21,31,11,27,9,35,-11,-8,-7,0,0,0,0,0,0,0,-47,-41,-76,-79,-86,-75,-81,-37,-94,-84,-162,-166,-156,-154,-162,-161,-163,-157,-150,-137,-131,-125,-202,-150,-137,-142,-122,-42,-128,-52,-60,-35,-53,0,0,0,0,0,0,0,0,0,0,0,-11,-15,-72,0,0,0,0,0,0,0,0,0,0,0,0]} 1. c4 e6 2. Nc3 c5 3. e4 Nc6 4. Nf3 a6 5. a3 Qc7 6. d4 cxd4 7. Nxd4 Nf6 8. Be2 {B41: Sicilian: Kan Variation: 5 c4.} b6 {was the old line (8...Be7).} 9. Be3 Bb7 10. O-O {White is slightly better.} h5 {[#]} 11. h3 $146 ({Predecessor:} 11. f4 Nxd4 12. Qxd4 Bc5 13. Qd3 Ng4 14. Bxg4 hxg4 15. b4 Bxe3+ 16. Qxe3 f6 17. Na4 {½-½ (36) Naiditsch,Y-Kalinina,M Vinnytsia 2007}) 11... Ne5 {[#]} 12. f4 $1 {[%cal Rf4e5]} Ng6 13. e5 Ne4 14. Nxe4 Bxe4 15. Bf3 Qb7 16. Bxe4 (16. Qc2 {feels hotter.} Bxf3 17. Nxf3 Ne7 18. Nd4 g6 19. Rac1) 16... Qxe4 17. Qf3 Qxf3 18. Rxf3 f6 19. exf6 gxf6 20. Nb3 Nh4 21. Rf2 Nf5 22. Bxb6 Rb8 23. c5 Bxc5 {[%mdl 64] [#] Remove Defender} 24. Nxc5 Rxb6 25. Rd1 d5 26. Re2 {aiming for Rxd5.} Kf7 27. Rde1 {[%cal Rc5e6]} Re8 28. b4 Rc6 29. Rd1 (29. g4 $15 Nd4 30. Rf2) 29... a5 $17 30. g4 (30. Rc1 $17) 30... hxg4 $19 31. hxg4 Rg8 32. g5 fxg5 33. fxg5 Rxg5+ 34. Kf2 axb4 35. axb4 Rh5 36. Nd3 (36. Re5 $17 {might work better.}) 36... Rh2+ 37. Ke1 Rxe2+ 38. Kxe2 $17 {[%mdl 4096] Endgame And now Ne5+ would win. KRN-KRN} Kf6 ({Better is} 38... Rc2+ $17 39. Rd2 Nd4+ 40. Ke3 Rxd2 41. Kxd2 Kf6) 39. Rb1 (39. Nc5 $15) 39... e5 (39... Rc2+ $17 40. Kf1 Rd2) 40. Kd2 $15 e4 41. b5 Rb6 (41... Rc8 $1 $15 42. Nb4 d4) 42. Nc5 $11 {Hoping for Nd7+.} Ke7 43. Na4 Rb8 (43... Rh6 $5) 44. b6 Kd7 45. Rb5 Kc6 (45... e3+ {is more complex.} 46. Kd3 e2 47. Rb1 Ng3 48. Kd2 Re8) 46. Rc5+ Kd6 47. Rb5 Nd4 48. Rb1 (48. Rb4 $11 {keeps the balance.} e3+ 49. Kd3) 48... Nc6 (48... Nf3+ $17 49. Ke2 Nd4+ 50. Kd2 Nf3+ 51. Ke2 Nd4+ 52. Kd2) 49. Nc3 {The position is equal.} Rh8 50. Rb5 Rh2+ 51. Kd1 Rh1+ 52. Kd2 Rh2+ 53. Kd1 Rh1+ 54. Kd2 {White happily takes the draw.  Weighted Error Value: White=0.16/Black=0.13} 1/2-1/2

[Event "20th IPCA World-ch 2021"]
[Site "Torrevieja"]
[Date "2021.10.19"]
[Round "2.5"]
[White "Petrov, Maksim"]
[Black "Zakharova, Evgeniya"]
[Result "1/2-1/2"]
[WhiteElo "1568"]
[BlackElo "2045"]
[Annotator "NA"]
[PlyCount "61"]
[EventDate "2021.10.19"]
[EventType "swiss"]
[EventRounds "9"]
[EventCountry "ESP"]
[SourceTitle "playchess.com"]
[Source "ChessBase"]
[SourceQuality "1"]
[TimeControl "5400+30"]

1. e4 c6 2. Nc3 d5 3. Nf3 Bg4 4. h3 Bh5 5. exd5 cxd5 6. Bb5+ Nc6 7. g4 Bg6 8. Ne5 Qd6 9. d4 a6 10. Bxc6+ bxc6 11. Bf4 Qe6 12. Na4 f6 13. Nc5 Qc8 14. Ned7 Ra7 15. Nxf8 Kxf8 16. Qe2 Bf7 17. Qd2 g5 18. Bg3 h5 19. O-O-O hxg4 20. hxg4 Rxh1 21. Rxh1 Qxg4 22. Qa5 Ra8 23. Qc7 Qc8 24. Qxc8+ Rxc8 25. Rh7 Bg6 26. Ne6+ Ke8 27. Rg7 Bf7 28. Nc7+ Kf8 29. Rh7 Bg6 30. Ne6+ Ke8 31. Rg7 1/2-1/2

[Event "20th IPCA World-ch 2021"]
[Site "Torrevieja"]
[Date "2021.10.19"]
[Round "2.6"]
[White "Moya Albaladejo, Jose Antonio"]
[Black "Valenta, Vit Vaclav"]
[Result "1-0"]
[WhiteElo "1923"]
[BlackElo "2028"]
[Annotator "NA"]
[PlyCount "95"]
[EventDate "2021.10.19"]
[EventType "swiss"]
[EventRounds "9"]
[EventCountry "ESP"]
[SourceTitle "playchess.com"]
[Source "ChessBase"]
[SourceQuality "1"]
[TimeControl "5400+30"]

1. e4 e5 2. Nf3 Nc6 3. Bc4 Be7 4. d4 d6 5. dxe5 dxe5 6. Qxd8+ Bxd8 7. Nc3 Nf6 8. Be3 Bg4 9. O-O-O a6 10. h3 Bh5 11. g4 Bg6 12. Nh4 Bxe4 13. Rhe1 Bg6 14. f4 exf4 15. Bc5+ Be7 16. Rxe7+ Nxe7 17. Re1 O-O-O 18. Bxe7 Rd4 19. Bb3 Ne4 20. Nxg6 hxg6 21. Nxe4 Re8 22. c3 Rd7 23. Bh4 Kb8 24. Nc5 Rxe1+ 25. Bxe1 Re7 26. Nd3 g5 27. Kd2 f6 28. Bf2 b6 29. Bd5 g6 30. Bf3 Rh7 31. Bg2 Kc8 32. Bd4 f5 33. Ne5 c5 34. Bg1 Rg7 35. Nf3 Rd7+ 36. Kc2 Re7 37. Bf1 Rb7 38. Bf2 fxg4 39. hxg4 Rh7 40. Bd3 Rh3 41. Bxg6 Kc7 42. Be4 Kd6 43. Kd2 a5 44. Ke2 Rh1 45. Bg1 Ke7 46. Kf2 Rh3 47. Nxg5 Re3 48. Bh2 1-0

[Event "20th IPCA World-ch 2021"]
[Site "Torrevieja"]
[Date "2021.10.19"]
[Round "2.8"]
[White "Pilimon, Zbigniew"]
[Black "Nazarov, Nicolai"]
[Result "1/2-1/2"]
[WhiteElo "1638"]
[BlackElo "1770"]
[Annotator "NA"]
[PlyCount "157"]
[EventDate "2021.10.19"]
[EventType "swiss"]
[EventRounds "9"]
[EventCountry "ESP"]
[SourceTitle "playchess.com"]
[Source "ChessBase"]
[SourceQuality "1"]
[TimeControl "5400+30"]

1. d4 d5 2. c4 e6 3. Nf3 dxc4 4. e4 b5 5. Nc3 c6 6. a4 Bb4 7. Bd2 Bxc3 8. Bxc3 Nf6 9. Qc2 Qb6 10. b3 b4 11. Bd2 cxb3 12. Qb1 a5 13. Bd3 Ba6 14. O-O Bxd3 15. Qxd3 Qa6 16. Qe3 O-O 17. Rab1 Nbd7 18. Rxb3 Qc4 19. Rc1 Qa6 20. h3 Rac8 21. g4 Nb6 22. Ne5 Nxa4 23. g5 Nh5 24. Qf3 g6 25. Ng4 Kh8 26. Nf6 Ng7 27. h4 Qa7 28. h5 gxh5 29. Qh1 Qxd4 30. Be3 Qd8 31. Nxh5 Nxh5 32. Qxh5 Rg8 33. Rd1 Qe7 34. Rbd3 Nc5 35. Rd4 f6 36. Rc4 Nd7 37. f4 fxg5 38. fxg5 Ne5 39. Rc5 Qf7 40. Qxf7 Nxf7 41. Rxa5 c5 42. Rd7 Nxg5 43. Bc1 Nxe4+ 44. Kh2 Rg7 45. Bb2 Nc3 46. Rd3 Rf7 47. Bxc3+ bxc3 48. Rxc3 Rf5 49. Ra7 h6 50. Rd3 Rh5+ 51. Kg3 Rg8+ 52. Kf2 Rf5+ 53. Ke1 Rg7 54. Ra8+ Kh7 55. Rdd8 Re5+ 56. Kf2 Rf7+ 57. Kg3 Kg6 58. Kh4 Re4+ 59. Kg3 c4 60. Rac8 h5 61. Rg8+ Kf6 62. Rc5 e5 63. Kf3 Rd4 64. Rc6+ Kf5 65. Rcg6 h4 66. Rg5+ Ke6+ 67. Ke3 Rd3+ 68. Ke2 Rd4 69. Ke3 Rd3+ 70. Ke2 h3 71. Re8+ Re7 72. Rxe7+ Kxe7 73. Rxe5+ Kd6 74. Rg5 Rb3 75. Kf2 h2 76. Kg2 Rb2+ 77. Kh1 c3 78. Rd5+ Kc6 79. Rc5+ 1/2-1/2

[Event "20th IPCA World-ch 2021"]
[Site "Torrevieja"]
[Date "2021.10.19"]
[Round "2.9"]
[White "Kaydanovich, Marina"]
[Black "Kimsanboyev, Axadxon"]
[Result "1/2-1/2"]
[WhiteElo "1737"]
[BlackElo "1636"]
[Annotator "NA"]
[PlyCount "63"]
[EventDate "2021.10.19"]
[EventType "swiss"]
[EventRounds "9"]
[EventCountry "ESP"]
[SourceTitle "playchess.com"]
[Source "ChessBase"]
[SourceQuality "1"]
[TimeControl "5400+30"]

1. d4 d5 2. Nf3 Nf6 3. g3 Bf5 4. Bg2 e6 5. c4 c6 6. Nc3 Nbd7 7. cxd5 exd5 8. O-O Be7 9. Nh4 Be6 10. Qd3 O-O 11. Nf5 Re8 12. Nxe7+ Qxe7 13. Bd2 Nb6 14. b3 Qd7 15. e4 dxe4 16. Nxe4 Nxe4 17. Bxe4 f5 18. Bg2 Bd5 19. Rfe1 Bxg2 20. Kxg2 Qd5+ 21. f3 Kf7 22. Qc3 Rad8 23. Be3 Rd6 24. Rad1 Rde6 25. Bf2 Rxe1 26. Rxe1 Rxe1 27. Qxe1 a6 28. Qb4 Qb5 29. Qd6 Nd5 30. Qe5 Qd3 31. Qb8 Qb5 32. Qe5 1/2-1/2

[Event "20th IPCA World-ch 2021"]
[Site "Torrevieja"]
[Date "2021.10.19"]
[Round "2.10"]
[White "Wollner, Bohus"]
[Black "Aleksandrova, Aleksandra"]
[Result "0-1"]
[WhiteElo "1107"]
[BlackElo "1728"]
[Annotator "NA"]
[PlyCount "50"]
[EventDate "2021.10.19"]
[EventType "swiss"]
[EventRounds "9"]
[EventCountry "ESP"]
[SourceTitle "playchess.com"]
[Source "ChessBase"]
[SourceQuality "1"]
[TimeControl "5400+30"]

1. d4 d5 2. Nf3 Nd7 3. c4 e6 4. Nc3 c6 5. e3 Bd6 6. Be2 a5 7. O-O f5 8. Bd3 g6 9. Bd2 Qe7 10. Re1 Ngf6 11. c5 Bc7 12. a3 Ng4 13. g3 e5 14. Nxe5 Ngxe5 15. dxe5 Nxc5 16. f4 Nxd3 17. Rf1 Nxb2 18. Qc2 Nc4 19. Bc1 b5 20. Ne2 Bd7 21. Nd4 c5 22. Nf3 a4 23. Qd3 Bc6 24. Ng5 Nxe5 25. fxe5 Bxe5 0-1

[Event "20th IPCA World-ch 2021"]
[Site "Torrevieja"]
[Date "2021.10.20"]
[Round "3.1"]
[White "Obodchuk, Andrei"]
[Black "Gurbanov, Andrei"]
[Result "1/2-1/2"]
[WhiteElo "2303"]
[BlackElo "2252"]
[Annotator "TA"]
[PlyCount "91"]
[EventDate "2021.10.19"]
[EventType "swiss"]
[EventRounds "9"]
[EventCountry "ESP"]
[SourceTitle "playchess.com"]
[Source "ChessBase"]
[SourceQuality "1"]

{[%evp 12,91,17,14,20,8,69,41,52,46,58,42,51,50,53,66,64,56,55,46,48,45,41,37,50,42,43,31,63,44,64,58,78,48,41,39,46,37,54,51,58,41,56,6,22,17,20,0,0,0,0,0,0,0,0,0,0,0,0,0,0,0,2,0,72,0,0,0,0,0,0,0,0,0,0,0,0,0,0,0,0,0]} 1. e4 e5 2. Nf3 Nc6 3. d4 exd4 4. Nxd4 Bb4+ 5. c3 Bc5 6. Be3 Bb6 7. Nf5 Bxe3 {C45: Scotch Game.} 8. Nxe3 ({But not} 8. fxe3 g6 $15) 8... Nge7 (8... Nf6 $11) 9. c4 d6 {White is slightly better.} 10. Bd3 O-O 11. Nc3 Kh8 12. O-O f5 13. f4 Be6 14. exf5 Nxf5 15. Nxf5 Bxf5 16. Bxf5 Rxf5 {[#]} 17. Qd3 $146 ({Predecessor:} 17. Nd5 Ne7 18. Qd3 Nxd5 19. Qxf5 Ne3 20. Qe4 Nxf1 21. Rxf1 c6 22. Qd4 Qb6 23. Rd1 {1-0 (59) Yildiz Kadioglu,B (2330)-Sengul,C (2194) Konya 2012}) 17... Rf7 18. Nd5 Ne7 19. Rae1 Ng6 20. Qd4 Qf8 21. g3 Ne7 22. Re2 (22. Nxc7 $2 Nf5 $19) 22... Nf5 23. Qd3 c6 24. Ne3 Nxe3 25. Qxe3 h6 26. Rd1 a6 27. Qd3 Rd8 28. Re6 {[%cal Re6d6]} Rf6 29. Rxf6 Qxf6 $11 {[%mdl 4096] Endgame KQR-KQR} 30. Qd4 Qe7 31. Kf2 d5 32. Rd2 c5 33. Qd3 d4 34. Re2 Qd7 35. Re5 b6 36. b3 a5 37. Qe4 Qf7 (37... Qh3 $11 {remains equal.}) 38. Ke1 ({Better is} 38. a4 $16) 38... a4 $1 {The position is equal.} 39. g4 axb3 40. axb3 Rf8 41. f5 Qf6 42. Re8 Rxe8 43. Qxe8+ Kh7 {And now ...Qh4+ would win.} 44. Qe4 Kh8 45. Qe8+ Kh7 {Strongly threatening ...Qh4+.} 46. Qe4 {Weighted Error Value: White=0.08/Black=0.10} 1/2-1/2

[Event "20th IPCA World-ch 2021"]
[Site "Torrevieja"]
[Date "2021.10.20"]
[Round "3.3"]
[White "Zakharova, Evgeniya"]
[Black "Moya Albaladejo, Jose Antonio"]
[Result "1/2-1/2"]
[WhiteElo "2045"]
[BlackElo "1923"]
[Annotator "TA"]
[PlyCount "82"]
[EventDate "2021.10.19"]
[EventType "swiss"]
[EventRounds "9"]
[EventCountry "ESP"]
[SourceTitle "playchess.com"]
[Source "ChessBase"]
[SourceQuality "1"]

{[%evp 13,82,39,36,0,0,0,0,-4,0,0,50,45,89,86,88,78,120,118,118,118,131,118,118,118,118,118,127,118,118,118,116,117,137,137,195,188,193,177,133,103,97,41,32,25,158,174,188,188,187,183,182,182,181,177,181,181,173,171,140,142,143,100,98,91,70,32,82,0,0,0,0]} 1. d4 Nf6 2. c4 g6 3. Nc3 d5 4. e3 Bg7 5. Qb3 dxc4 6. Bxc4 O-O 7. Nf3 c5 $1 {[%mdl 4] is currently scoring better than 7...Nc6.} 8. Ne5 {[%cal Re5f7] D95: Grünfeld: 4 Nf3 Bg7 5 e3 0-0 6 Qb3.} e6 9. dxc5 {[#]} Nd5 $146 ({Predecessor:} 9... Nfd7 10. Nxd7 Nxd7 11. c6 Ne5 12. O-O Nxc6 13. Rd1 Qe7 14. Bb5 Na5 15. Qa4 b6 {0-1 (33) Jovanic,O (2464)-Vachier Lagrave,M (2577) Paris 2006}) 10. Bxd5 exd5 11. Nf3 Qa5 12. O-O Qxc5 13. Nxd5 Be6 14. e4 Nc6 15. Be3 Nd4 16. Nxd4 Bxd4 17. Rac1 ({But not} 17. Qxb7 $6 Bxe3 18. Nxe3 (18. fxe3 Bxd5 19. Qxd5 Qxe3+ 20. Rf2 Rae8 $11) 18... Rfb8 $11) 17... Bxd5 18. exd5 Qb6 19. Bxd4 Qxd4 20. Rfd1 Qb6 21. Qxb6 axb6 $16 {[%mdl 4096] Endgame KRR-KRR} 22. a3 Rac8 23. Kf1 Rfd8 (23... Kg7 $16 24. d6 Rxc1 25. Rxc1 Rd8) 24. Rxc8 $18 Rxc8 {KR-KR} 25. Ke2 Kf8 26. Ke3 Ke7 27. b4 (27. Rd3 $16) 27... Kd6 28. Rd3 Re8+ (28... f5 $11 {keeps the balance.}) 29. Kd4 $1 $16 Re2 30. Rf3 f5 31. Kc4 Rd2 32. Kb5 Kc7 {[#]} 33. Rc3+ $1 Kb8 34. Kxb6 {Black must now prevent Rc7.} Rxd5 35. Re3 {Threatening mate with Re8+.} Rd6+ 36. Kc5 Rd2 37. b5 {Strongly threatening Re8+.} Ka7 38. Rf3 Rc2+ 39. Kb4 Rb2+ {[#]} 40. Kc4 ({White should try} 40. Ka5 $1 $16) 40... Kb6 $11 41. h4 Rxb5 {Weighted Error Value: White=0.09/Black=0.15} 1/2-1/2

[Event "20th IPCA World-ch 2021"]
[Site "Torrevieja"]
[Date "2021.10.20"]
[Round "3.4"]
[White "Petrov, Maksim"]
[Black "Tsapalin, Sergey"]
[Result "0-1"]
[WhiteElo "1568"]
[BlackElo "1981"]
[Annotator "TA"]
[PlyCount "90"]
[EventDate "2021.10.19"]
[EventType "swiss"]
[EventRounds "9"]
[EventCountry "ESP"]
[SourceTitle "playchess.com"]
[Source "ChessBase"]
[SourceQuality "1"]

{[%evp 10,90,-5,-14,6,0,-1,-9,-17,-22,0,0,10,-12,18,22,26,17,25,-10,-12,-10,-4,-30,35,40,98,-83,-80,-77,-83,-83,-81,-81,-81,-81,-81,-81,-80,-69,-68,-115,-106,-240,-237,-362,-361,-350,-323,-448,-427,-790,-764,-781,-772,-567,-432,-1145,-1226,-1169,-1030,-1166,-813,-1402,-1391,-1587,-1445,-12842,-12842,-12840,-12840,-12845,-12843,-527,0,-12845,-12843,-12849,-12848,-12850,-27999,-27999,-27998]} 1. e4 c5 2. Nc3 d6 3. Bc4 Nf6 4. d3 Nc6 5. f4 e6 6. Nf3 d5 {B23: Closed Sicilian: Lines without g3.} 7. Bb3 Be7 8. O-O O-O {The position is equal.} 9. Qe1 dxe4 10. dxe4 Nd4 11. Be3 Ng4 12. Bxd4 cxd4 {[#]} 13. Rd1 $1 {[#]} Qb6 $146 ({Predecessor:} 13... b5 14. Kh1 Qb6 15. Nxd4 Bc5 16. h3 Bxd4 17. hxg4 e5 18. f5 Qh6+ {0-1 (18) O'Rourke,W-Gravett,A (1975) Caleta 2005}) 14. Na4 ({Reject} 14. Rxd4 Bc5 $17) 14... Qc7 {And now ...b5 would win.} 15. Nxd4 e5 16. fxe5 Qxe5 ({Better is} 16... b5 $1 $11 17. Nc3 Qxe5) 17. Nf3 $14 Qc7 (17... Qf4 $14) 18. Qc3 $2 (18. Kh1 $16 {keeps the pressure on.}) 18... Qxc3 $17 19. Nxc3 Bc5+ 20. Kh1 Ne3 21. Ng5 {[%cal Rf1f7]} Nxf1 22. Rxf1 {[%cal Rg5f7]} Be6 $1 23. Nxe6 fxe6 24. Bxe6+ Kh8 {[%cal Rf8f1]} 25. Rf5 {Black keeps a firm grip on the game.} Rxf5 (25... Bd4 {seems wilder.} 26. Nd1 Rxf5 27. exf5 Rd8 28. g3 Bf6) 26. Bxf5 {[%mdl 4096] Endgame [#] KRB-KBN} (26. exf5 $17 Bd4 27. Ne4) 26... Rf8 $1 $19 {...g6 is the strong threat.} 27. Na4 {[#]} (27. g3 $142) 27... g6 $1 28. Nxc5 gxf5 {KR-KN} 29. e5 {[#]} Rc8 $1 {[%cal Rc8c5]} 30. Nxb7 (30. b4 $142 b6 31. Nb7) 30... Rxc2 {[%cal Rc2c1]} 31. Kg1 Rxb2 32. Nd6 Kg7 33. Nxf5+ (33. a3 $142 Kg6 34. g3) 33... Kf7 34. a3 Ke6 35. Nd4+ Kd5 36. Nf3 h6 37. h3 Ra2 38. g4 Rxa3 39. Kf2 a5 {[%cal Ba7a5,Ba5a4][%mdl 32]} 40. h4 Ke4 41. Nd2+ Kd5 (41... Kf4 $142 42. e6 Re3) 42. Nf3 $1 a4 43. g5 hxg5 44. hxg5 Rxf3+ 45. Kxf3 Kxe5 {Weighted Error Value: White=0.72/Black=0.29} 0-1